<?xml version="1.0" encoding="UTF-8"?>
<record
    xmlns:xsi="http://www.w3.org/2001/XMLSchema-instance"
    xsi:schemaLocation="http://www.loc.gov/MARC21/slim http://www.loc.gov/standards/marcxml/schema/MARC21slim.xsd"
    xmlns="http://www.loc.gov/MARC21/slim">

  <leader>01769nam a2200373   4500</leader>
  <controlfield tag="001">114681</controlfield>
  <controlfield tag="003">DR-UNIBE</controlfield>
  <controlfield tag="005">20260525140931.0</controlfield>
  <controlfield tag="008">260522b2018    dr ||||| |||| 00| 1 spa d</controlfield>
  <datafield tag="020" ind1=" " ind2=" ">
    <subfield code="a">9789945195798</subfield>
  </datafield>
  <datafield tag="040" ind1=" " ind2=" ">
    <subfield code="a">BIBLIOTECA UNIBE</subfield>
    <subfield code="b">spa</subfield>
    <subfield code="c">BIBLIOTECA UNIBE</subfield>
    <subfield code="e">rda</subfield>
  </datafield>
  <datafield tag="041" ind1=" " ind2=" ">
    <subfield code="a">spa</subfield>
  </datafield>
  <datafield tag="090" ind1=" " ind2=" ">
    <subfield code="a">FBIU L D AL414m</subfield>
  </datafield>
  <datafield tag="100" ind1="1" ind2="0">
    <subfield code="a">Alix, Juan Antonio,</subfield>
    <subfield code="d">1833-1918</subfield>
    <subfield code="9">59757</subfield>
    <subfield code="e">autor</subfield>
  </datafield>
  <datafield tag="245" ind1="1" ind2="3">
    <subfield code="a">Los mangos bajitos y  otras d&#xE9;cimas /</subfield>
    <subfield code="c">Juan Antonio Alix ; director editorial: Claudia Llibre ; director de arte y producci&#xF3;n: Moises Kelly Santana ; subdirector de arte: Lilian Salcedo Fern&#xE1;ndez ; diagramaci&#xF3;n: Ana G&#xF3;mez Ota&#xF1;o ; edici&#xF3;n: Luis Beiro, Andr&#xE9;s Blanco D&#xED;az ; ilustraci&#xF3;n de cubierta: Guillermo P&#xE9;rez ; biograf&#xED;a del autor : Juan Ram&#xF3;n L&#xF3;pez</subfield>
  </datafield>
  <datafield tag="250" ind1=" " ind2=" ">
    <subfield code="a">Primera edici&#xF3;n</subfield>
  </datafield>
  <datafield tag="260" ind1=" " ind2=" ">
    <subfield code="a">Santo Domingo:</subfield>
    <subfield code="b">Loqueleo :</subfield>
    <subfield code="b">Santillana,</subfield>
    <subfield code="c">2018</subfield>
  </datafield>
  <datafield tag="300" ind1=" " ind2=" ">
    <subfield code="a">108 p&#xE1;ginas :</subfield>
    <subfield code="c">19 x 12 cm</subfield>
  </datafield>
  <datafield tag="490" ind1=" " ind2=" ">
    <subfield code="a">Serie azul /  Antolog&#xED;a po&#xE9;tica</subfield>
    <subfield code="n">+ 12</subfield>
  </datafield>
  <datafield tag="500" ind1=" " ind2=" ">
    <subfield code="a">Incluye biograf&#xED;a del autor al inicio de la obra, comentario de la misma en la contraportada</subfield>
  </datafield>
  <datafield tag="521" ind1=" " ind2=" ">
    <subfield code="a">+ 12</subfield>
  </datafield>
  <datafield tag="653" ind1=" " ind2="7">
    <subfield code="a">Poes&#xED;as populares dominicanas</subfield>
  </datafield>
  <datafield tag="653" ind1=" " ind2="7">
    <subfield code="a">D&#xE9;cimas dominicanas</subfield>
  </datafield>
  <datafield tag="653" ind1=" " ind2="7">
    <subfield code="a">Literatura dominicana</subfield>
  </datafield>
  <datafield tag="700" ind1="1" ind2="0">
    <subfield code="a">Llibre, Claudia</subfield>
    <subfield code="9">115216</subfield>
    <subfield code="e">direcci&#xF3;n editorial</subfield>
  </datafield>
  <datafield tag="700" ind1="1" ind2="0">
    <subfield code="a">Kelly Santana, Mois&#xE9;s</subfield>
    <subfield code="9">115217</subfield>
    <subfield code="e">director de arte</subfield>
    <subfield code="e">productor</subfield>
  </datafield>
  <datafield tag="700" ind1="1" ind2="0">
    <subfield code="a">Salcedo Fern&#xE1;ndez, Lilian</subfield>
    <subfield code="9">115218</subfield>
    <subfield code="e">subdirector de arte</subfield>
  </datafield>
  <datafield tag="700" ind1="1" ind2="0">
    <subfield code="a">G&#xF3;mez Ota&#xF1;o, Ana</subfield>
    <subfield code="9">115219</subfield>
    <subfield code="e">diagramador</subfield>
  </datafield>
  <datafield tag="700" ind1="1" ind2="0">
    <subfield code="a">Beiro &#xC1;lvarez, Luis, </subfield>
    <subfield code="d">1950 -</subfield>
    <subfield code="9">91101</subfield>
    <subfield code="e">editor</subfield>
  </datafield>
  <datafield tag="700" ind1="1" ind2="0">
    <subfield code="a">Blanco D&#xED;az, Andr&#xE9;s,</subfield>
    <subfield code="d">1954-</subfield>
    <subfield code="9">144547</subfield>
    <subfield code="e">editor</subfield>
  </datafield>
  <datafield tag="700" ind1="1" ind2="0">
    <subfield code="a">P&#xE9;rez, Guillermo</subfield>
    <subfield code="9">53470</subfield>
    <subfield code="e">ilustrador de cubierta</subfield>
  </datafield>
  <datafield tag="700" ind1="1" ind2="0">
    <subfield code="a">L&#xF3;pez, Jos&#xE9; Ram&#xF3;n,</subfield>
    <subfield code="d">1866-1922</subfield>
    <subfield code="9">4603</subfield>
    <subfield code="e">bi&#xF3;grafo del autor</subfield>
  </datafield>
  <datafield tag="942" ind1=" " ind2=" ">
    <subfield code="2">ddc</subfield>
    <subfield code="c">BK</subfield>
  </datafield>
  <datafield tag="999" ind1=" " ind2=" ">
    <subfield code="c">114681</subfield>
    <subfield code="d">114681</subfield>
  </datafield>
  <datafield tag="952" ind1=" " ind2=" ">
    <subfield code="0">0</subfield>
    <subfield code="1">0</subfield>
    <subfield code="2">ddc</subfield>
    <subfield code="7">1</subfield>
    <subfield code="8">FBIU</subfield>
    <subfield code="a">Principal</subfield>
    <subfield code="d">2026-03-11</subfield>
    <subfield code="l">0</subfield>
    <subfield code="o">FBIU L D AL414m</subfield>
    <subfield code="p">FBIU0945</subfield>
    <subfield code="r">2026-05-22 15:04:17</subfield>
    <subfield code="t">Ej. 1</subfield>
    <subfield code="w">2026-05-22</subfield>
    <subfield code="y">BK-RES</subfield>
  </datafield>
</record>
